| 000 | 00982nac a22003131i 4500 | ||
|---|---|---|---|
| 003 | EG-ScBUE | ||
| 005 | 20250804100411.0 | ||
| 008 | 081019t2003 njua f 001 0 eng d | ||
| 020 | _a0131103105 (pbk.) | ||
| 020 | _a9780131103108 | ||
| 040 |
_aEG-ScBUE _beng _erda _cEG-ScBUE _dEG-ScBUE |
||
| 082 | 0 | 4 |
_a547 _bWAD _222 |
| 100 | 1 |
_aWade, L. G., _eauthor. |
|
| 245 | 1 | 0 |
_aOrganic chemistry / _cL.G. Wade, Jr., Whitman College. |
| 250 | _aFifth edition. | ||
| 250 | _aInternational edition. | ||
| 264 | 1 |
_aUpper Saddle River, New Jersey : _bPrenctice Hall, _c[2003] |
|
| 264 | 4 | _cc2003 | |
| 300 |
_a1 volume (various pagings) : _billustrations (some color) ; _c28 cm |
||
| 336 |
_2rdacontent _atext _btxt |
||
| 337 |
_aunmediated _2rdamedia _bn |
||
| 338 |
_avolume _bnc _2rdacarrier |
||
| 500 | _aPrevious ed.: 1999. | ||
| 500 | _aIncludes index. | ||
| 500 | _aIncludes Appendices. | ||
| 650 | 7 |
_aChemistry, Organic. _2BUEsh |
|
| 655 | _vReading book | ||
| 942 |
_cBB _2ddc |
||
| 999 |
_c1390 _d1390 |
||